header

Gifts differing: (Record no. 259461)

MARC details
000 -LEADER
fixed length control field 00505nam a22001697a 4500
003 - CONTROL NUMBER IDENTIFIER
control field OSt
005 - DATE AND TIME OF LATEST TRANSACTION
control field 20220928143001.0
008 - FIXED-LENGTH DATA ELEMENTS--GENERAL INFORMATION
fixed length control field 220928b xxu||||| |||| 00| 0 eng d
020 ## - INTERNATIONAL STANDARD BOOK NUMBER
International Standard Book Number 9780891060741
040 ## - CATALOGING SOURCE
Original cataloging agency DLC
Language of cataloging Eng
Transcribing agency DLC
Description conventions rda
050 ## - LIBRARY OF CONGRESS CALL NUMBER
Classification number BF698.3
Item number .M94 1995
100 ## - MAIN ENTRY--PERSONAL NAME
Personal name Myers, Isabel Briggs.
245 ## - TITLE STATEMENT
Title Gifts differing:
Remainder of title understanding personality type
Statement of responsibility, etc Isabel Briggs Myers, with Peter B. Myers.
260 ## - PUBLICATION, DISTRIBUTION, ETC. (IMPRINT)
Place of publication, distribution, etc Mountain View, California
Name of publisher, distributor, etc CPP
Date of publication, distribution, etc 1995
300 ## - PHYSICAL DESCRIPTION
Extent xxiii;228p
942 ## - ADDED ENTRY ELEMENTS (KOHA)
Source of classification or shelving scheme Library of Congress Classification
Koha item type Long Loan Books
Holdings
Withdrawn status Lost status Source of classification or shelving scheme Damaged status Not for loan Collection code Home library Current library Shelving location Date acquired Total Checkouts Full call number Barcode Date last seen Price effective from Koha item type
    Library of Congress Classification     Non-fiction Rongo University Library Rongo University Library General Stacks 28/09/2022   BF698.3 .M94 1995 20091036 28/09/2022 28/09/2022 Long Loan Books

© 2026 Rongo University
Contact us: librarian | system librarian | Rongo university